00852nam a22002411a 450000100060000000300080000600500170001400800390003103500190007004000290008904100080011808200240012610000450015024500980019525000120029326000610030530000250036650400200039165000300041194200120044199900170045395201400047014152BD-RjUL20211208235600.0140205r1967 ilu 001 0 eng a(BD-RjUL)14204 aLCbengcLCdWUdBD-RjUL aeng04223a651.3bTEO 19671 aTerry, George R.q(George Robert)94420310aOffice management and control :bthe actions of administrative management /cGeorge R. Terry. a5th ed. aHomewood, Ill. :bR. D. Irwin,cc1966 [ Reprinted 1967]. axv, 793 p. ;c24 cm. aIncludes index. 0aOffice management.942160 2ddccBK c14152d14152 00102ddc40718NFICaRUCLbRUCLcReadingd1970-03-26eZeitlingerg172.00l0o651.3 TEO 1967r2014-02-05 00:00:00tC-1w2021-12-08yBK